| 000 | 00000nam 22000008a 4500 |
| 001 | 9.834732 |
| 003 | CaOODSP |
| 005 | 20240527135430 |
| 007 | cr ||||||||||| |
| 008 | 170404s2017 quc o f00| 0 eng d |
| 020 | |a978-0-660-08183-0 |
| 040 | |aCaOODSP|beng |
| 043 | |an-cn--- |
| 086 | 1 |aCW66-547/2017E-PDF |
| 245 | 00|aEngaging stakeholders and citizens in long-term protection of species at risk and their habitats |h[electronic resource]. |
| 260 | |a[Gatineau, Quebec] : |bEnvironment and Climate Change Canada, |c[2017]. |
| 300 | |a[1] p. |
| 500 | |aIssued also in French under title: Engager les acteurs du milieu et la population à la protection à long terme des espèces en péril et de leur habitat. |
| 500 | |aCaption title. |
| 500 | |a"Habitat Stewardship Program - Species at Risk Stream." |
| 692 | 07|2gccst|aEndangered species |
| 692 | 07|2gccst|aNature conservation |
| 692 | 07|2gccst|aHabitats |
| 710 | 2 |aCanadian Wildlife Service. |
| 775 | 08|tEngager les acteurs du milieu et la population à la protection à long terme des espèces en péril et de leur habitat |w(CaOODSP)9.834733 |
| 856 | 40|qPDF|s354 KB|uhttps://publications.gc.ca/collections/collection_2017/eccc/CW66-547-2017-eng.pdf |